[Event "POL-ch PL+LU U15 Girls"]
[Site "Augustow"]
[Date "2007.10.09"]
[Round "5.1"]
[White "Gora, Joanna"]
[Black "Filipkowska, Olga"]
[Result "0-1"]
[WhiteElo "1553"]
[BlackElo "1600"]
[PlyCount "124"]
[EventDate "2007.10.08"]
[EventType "tourn"]
[EventRounds "9"]
[EventCountry "POL"]
[SourceTitle "EXT 2023"]
[Source "ChessBase"]
[SourceDate "2022.10.05"]
[SourceVersion "1"]
[SourceVersionDate "2022.10.05"]
[SourceQuality "1"]

1. e4 e5 2. Nf3 d6 3. d4 exd4 4. Nxd4 c5 5. Nf3 Be7 6. Bf4 Nf6 7. Nc3 a6 8. Qd2 Nc6 9. 0-0-0 Bg4 10. Bxd6 Nd4 11. Bxe7 Qxe7 12. Qe3 0-0 13. Be2 Bxf3 14. Bxf3 Rab8 15. Rhe1 b5 16. Nd5 Qe6 17. Nxf6+ Qxf6 18. e5 Qe6 19. b3 a5 20. h3 a4 21. Bg4 Qg6 22. Qd3 Qxd3 23. Rxd3 axb3 24. cxb3 Ne6 25. Rd6 Rfe8 26. g3 c4 27. bxc4 bxc4 28. Re2 Rbc8 29. Kc2 g6 30. Kc3 Rc5 31. f4 Nc7 32. Kb4 Rb5+ 33. Kxc4 Ra8 34. Bf3 Ra4+ 35. Kd3 Ra3+ 36. Ke4 Rb4+ 37. Rd4 Rxd4+ 38. Kxd4 Rxf3 39. Rc2 Nb5+ 40. Kc5 Na3 41. Rg2 Kg7 42. Kb4 Kf8 43. Rb2 Rxg3 44. Rb3 Rxb3+ 45. axb3 Nc2+ 46. Kc3 Ne3 47. Kd3 Nd5 48. Ke4 Nb6 49. Kd4 Ke7 50. Kc5 Nd7+ 51. Kc6 Ke6 52. b4 h6 53. b5 f5 54. h4 Ke7 55. Kd5 Nb6+ 56. Kc6 Na4 57. b6 Nxb6 58. Kxb6 Ke6 59. Kc5 g5 60. fxg5 hxg5 61. h5 Kxe5 62. h6 Kf6 0-1

[Event "POL-ch PL+LU U15 Girls"]
[Site "Augustow"]
[Date "2007.10.09"]
[Round "3.1"]
[White "Wawer, Eliza"]
[Black "Filipkowska, Olga"]
[Result "1-0"]
[WhiteElo "1600"]
[BlackElo "1600"]
[PlyCount "108"]
[EventDate "2007.10.08"]
[EventType "tourn"]
[EventRounds "9"]
[EventCountry "POL"]
[SourceTitle "EXT 2023"]
[Source "ChessBase"]
[SourceDate "2022.10.05"]
[SourceVersion "1"]
[SourceVersionDate "2022.10.05"]
[SourceQuality "1"]

1. e4 e5 2. Nf3 d6 3. h3 Nf6 4. Nc3 Be6 5. d4 exd4 6. Nxd4 c5 7. Nb3 Be7 8. Bb5+ Nbd7 9. Bf4 a6 10. Bxd7+ Qxd7 11. 0-0 0-0 12. Re1 Rad8 13. Qe2 Bxh3 14. Qe3 Be6 15. Rad1 Qc8 16. Nd5 Rfe8 17. Nxe7+ Rxe7 18. Bxd6 Red7 19. e5 Bxb3 20. axb3 Ne8 21. Rd3 Nxd6 22. exd6 g6 23. Qf4 Re8 24. Re5 Rxe5 25. Qxe5 Rd8 26. Qe7 Qd7 27. f3 h5 28. Kf2 b6 29. Qxd7 Rxd7 30. Ke3 f5 31. Kf4 Kf7 32. Ke5 b5 33. c4 Rd8 34. g3 Re8+ 35. Kd5 g5 36. d7 Rd8 37. Kc6 f4 38. gxf4 gxf4 39. Kc7 Ke7 40. Rd2 Rxd7+ 41. Rxd7+ Kf6 42. Rd5 Kg6 43. Kc6 h4 44. Kxc5 bxc4 45. bxc4 h3 46. Kd6 h2 47. Rd1 Kg5 48. Rh1 Kh4 49. Rxh2+ Kg3 50. Rh7 Kxf3 51. Rf7 Ke3 52. c5 f3 53. c6 f2 54. Rxf2 Kxf2 1-0

[Event "Augustow op"]
[Site "Augustow"]
[Date "2004.??.??"]
[Round "3"]
[White "Filipkowska, Olga"]
[Black "Soltys, Konrad"]
[Result "0-1"]
[WhiteElo "1600"]
[BlackElo "1400"]
[PlyCount "70"]
[EventDate "2004.08.??"]
[EventType "swiss"]
[EventRounds "9"]
[EventCountry "POL"]
[SourceTitle "EXT 2008"]
[Source "ChessBase"]
[SourceDate "2007.11.25"]
[SourceVersion "1"]
[SourceVersionDate "2007.11.25"]
[SourceQuality "1"]

1. e4 e5 2. Nf3 Nc6 3. Bb5 Bd6 4. d3 a6 5. Bxc6 dxc6 6. h3 Nf6 7. Bg5 0-0 8. a3 h6 9. Bxf6 Qxf6 10. Nc3 Qg6 11. g4 Be6 12. d4 exd4 13. Nxd4 Rad8 14. Nce2 Qxe4 15. Rg1 Bc5 16. Qd2 Rxd4 17. Qf4 Qxf4 18. Nxf4 Rxf4 19. 0-0-0 Rxf2 20. Rg3 f5 21. g5 hxg5 22. Rxg5 Be3+ 23. Kb1 Bxg5 24. Rg1 Bf6 25. Re1 Re8 26. Rd1 f4 27. Rg1 f3 28. b3 Bf5 29. Rc1 Rfe2 30. a4 f2 31. Ka2 Re1 32. Rxe1 fxe1Q 33. Ka3 a5 34. b4 Qxb4+ 35. Ka2 Qb2# 0-1